000 nam a22 a 4500
999 _c391130
_d391130
003 BLK
005 20201102134320.0
008 201030b bu ||||| |||| 00| 0 bu d
040 _aBLK
041 _aRUS
_cRUS
080 _aОбщи енциклопедии. Енциклопедични речници. Научни справочници. Отраслови енциклопедии и справочници се класират в съответните отдели с определител за форма
_b030
_z030
245 _aЭнциклопедический словарь
_bТ. 1
_cПод ред. на К. К. Арсеньев, Ф. Ф. Петрушевский
_nТ. 5А
_pВальтер - Венути
260 _9215975
_aСанкт-Петербург
_bБрокгауз-Ефрон
_c1891
300 _c25 см
380 _a0
490 _9435080
_aКолекция Редки и ценни издания
653 7 _9186344
_aенциклопедии
700 _9435816
_aАрсеньев, К. К.
_eпод ред. на
700 _9871
_aПетрушевский, Ф. Ф.
_eпод ред. на
760 _oТ. 5А
_tВальтер - Венути
_h469 - 938 с. : с ил.
852 _aРр 890
_bРц
942 _cKNG
_n0
_s1
944 _aCR
_c2020-10-30
_kВЙ
999 _d391129
999 _d391127